[Event "36. Copenhagen Open (Politiken Cup)"]
[Site "Elsinore"]
[Date "2014.07.25"]
[Round "6"]
[White "Lien, Kjell Hakon"]
[Black "Brorsen, Jacob Abildlund"]
[Result "1/2-1/2"]
[WhiteElo "2022"]
[BlackElo "2179"]
[PlyCount "126"]
[EventDate "2014.07.21"]
[EventType "swiss"]
[EventRounds "10"]
[EventCountry "DEN"]
[Source "ChessBase"]
[SourceDate "2014.08.29"]

1. d4 d5 2. c4 e6 3. Nc3 Be7 4. Nf3 Nf6 5. Bg5 c6 6. e3 Nbd7 7. Bd3 dxc4 8.
Bxc4 b5 9. Bd3 a6 10. O-O O-O 11. e4 c5 12. e5 Nd5 13. Bxe7 Qxe7 14. Nxd5 exd5
15. dxc5 Nxc5 16. Rc1 Ne6 17. Bb1 Bb7 18. Nd4 g6 19. f4 Rac8 20. Qd2 Rc4 21.
Ne2 Rfc8 22. Rce1 Ng7 23. Bd3 R4c7 24. Ng3 Qc5+ 25. Kh1 h5 26. f5 Qd4 27. Rf4
Rc2 28. Rxd4 Rxd2 29. e6 fxe6 30. fxe6 Nxe6 31. Rxe6 Rxd3 32. Rf4 Rd1+ 33. Nf1
Rc7 34. Rxg6+ Rg7 35. Rxg7+ Kxg7 36. Kg1 Rb1 37. Rf2 b4 38. Rd2 Kf6 39. Kf2 Ke5
40. Re2+ Kf6 41. Rd2 a5 42. Ne3 a4 43. a3 bxa3 44. bxa3 Ke5 45. g4 h4 46. Nf5
h3 47. Nd4 Kf4 48. Ne2+ Kg5 49. Nc3 Rb3 50. Nxa4 Rxa3 51. Nc5 Bc6 52. Rd4 Kh4
53. Ne6 Ra4 54. Rxa4 Bxa4 55. g5 Bc2 56. Nf4 d4 57. g6 Bb3 58. g7 Kg4 59. Nxh3
Kxh3 60. Ke2 Kxh2 61. Kd3 Kg3 62. Kxd4 Kg4 63. g8=B Bxg8 1/2-1/2

[Event "36. Copenhagen Open (Politiken Cup)"]
[Site "Elsinore"]
[Date "2014.07.25"]
[Round "6"]
[White "Ly, Moulthun"]
[Black "Klings, Peter"]
[Result "1-0"]
[WhiteElo "2466"]
[BlackElo "2128"]
[PlyCount "40"]
[EventDate "2014.07.21"]
[EventType "swiss"]
[EventRounds "10"]
[EventCountry "DEN"]
[Source "ChessBase"]
[SourceDate "2014.08.29"]

1. e4 g6 2. d4 Bg7 3. Nc3 d6 4. f4 a6 5. Nf3 b5 6. Bd3 Nd7 7. e5 c5 8. Be4 Rb8
9. O-O b4 10. Ne2 Qc7 11. c3 bxc3 12. bxc3 Nh6 13. Qe1 cxd4 14. cxd4 dxe5 15.
fxe5 Nb6 16. e6 Nc4 17. Qc3 Bxe6 18. Bf4 Qb6 19. Rab1 Qxb1 20. Bxb1 Bf8 1-0

[Event "36. Copenhagen Open (Politiken Cup)"]
[Site "Elsinore"]
[Date "2014.07.25"]
[Round "6"]
[White "Madison, Sigurd"]
[Black "Jensen, Soren Holm"]
[Result "0-1"]
[WhiteElo "1792"]
[BlackElo "1975"]
[PlyCount "168"]
[EventDate "2014.07.21"]
[EventType "swiss"]
[EventRounds "10"]
[EventCountry "DEN"]
[Source "ChessBase"]
[SourceDate "2014.08.29"]

1. e4 e5 2. Nf3 Nc6 3. Bb5 a6 4. Ba4 Nf6 5. d3 b5 6. Bb3 Be7 7. c3 d6 8. Nbd2
O-O 9. Nf1 d5 10. exd5 Nxd5 11. Ne3 Be6 12. O-O Bf6 13. Nxd5 Bxd5 14. Bc2 Qd7
15. h3 Rad8 16. Qe2 Qe6 17. b3 Rfe8 18. Rb1 b4 19. Ng5 Bxg5 20. Bxg5 Qg6 21.
Qg4 h5 22. Qg3 f6 23. Bd2 Qxg3 24. fxg3 Be4 25. Rf3 Bxf3 26. gxf3 bxc3 27. Bxc3
Nd4 28. Bxd4 Rxd4 29. Kf2 a5 30. Re1 Red8 31. Ke3 g5 32. Ke2 Kf7 33. Ke3 h4 34.
g4 R8d6 35. Re2 Rc6 36. Rd2 Ke7 37. Ke2 Rb4 38. Kd1 Rbb6 39. Ke2 Rc3 40. Kd1
Rbc6 41. Kc1 Kd6 42. Kb2 Kd5 43. Re2 R3c5 44. Rd2 Ke6 45. Re2 Rd6 46. Re4 Rd4
47. a3 Rxe4 48. dxe4 Kd6 49. Bd3 Rc6 50. Bb5 Rb6 51. Bc4 Kc5 52. Kc3 Rd6 53.
Bd3 Rd4 54. Kc2 Kb6 55. Kc3 c5 56. a4 Kc7 57. Kc2 c4 58. Bxc4 Kd6 59. Be2 Kc5
60. Kc3 Rd8 61. Bd3 Rc8 62. Bc4 Rd8 63. Bd3 Rd4 64. Be2 f5 65. gxf5 g4 66. fxg4
Rxe4 67. Kd3 Rf4 68. Ke3 Kd6 69. Bd3 Ke7 70. Bc4 Kf6 71. Bd3 Rd4 72. Be2 Rd8
73. Bf3 Rc8 74. Kd3 Rc1 75. Bd5 Rd1+ 76. Kc4 Rd4+ 77. Kc5 Rd3 78. Kc6 Rxh3 79.
Kb5 Rd3 80. Bc4 e4 81. Kxa5 h3 82. Bb5 h2 83. Bc6 h1=Q 84. b4 Qe1 0-1

[Event "36. Copenhagen Open (Politiken Cup)"]
[Site "Elsinore"]
[Date "2014.07.25"]
[Round "6"]
[White "Marder, Simon"]
[Black "Hojgaard, Brandur"]
[Result "1-0"]
[WhiteElo "2082"]
[BlackElo "1779"]
[PlyCount "35"]
[EventDate "2014.07.21"]
[EventType "swiss"]
[EventRounds "10"]
[EventCountry "DEN"]
[Source "ChessBase"]
[SourceDate "2014.08.29"]

1. d4 Nf6 2. Bg5 d5 3. Nc3 h6 4. Bxf6 exf6 5. e3 c6 6. Bd3 Bd6 7. Nge2 O-O 8.
Ng3 Be6 9. Nf5 Bxf5 10. Bxf5 Re8 11. Qg4 Re7 12. O-O Nd7 13. e4 Nb6 14. f4 Bb4
15. e5 fxe5 16. fxe5 Nc4 17. Nd1 Nb6 18. c3 1-0

[Event "36. Copenhagen Open (Politiken Cup)"]
[Site "Elsinore"]
[Date "2014.07.25"]
[Round "6"]
[White "Merkesvik, Frode"]
[Black "Akkanen, Timo"]
[Result "1/2-1/2"]
[WhiteElo "1633"]
[BlackElo "1771"]
[PlyCount "86"]
[EventDate "2014.07.21"]
[EventType "swiss"]
[EventRounds "10"]
[EventCountry "DEN"]
[Source "ChessBase"]
[SourceDate "2014.08.29"]

1. e4 d6 2. Nf3 Nf6 3. Nc3 g6 4. d3 Bg7 5. Be2 O-O 6. O-O c5 7. Rb1 Nc6 8. Be3
Ng4 9. Bd2 a6 10. Nd5 e6 11. Ne3 f5 12. Nxg4 fxg4 13. Ne1 h5 14. Qc1 Nd4 15.
Qd1 Qh4 16. Be3 Be5 17. g3 Qf6 18. c3 Nf3+ 19. Bxf3 gxf3 20. d4 h4 21. dxe5
dxe5 22. Bxc5 Rf7 23. Bb6 Bd7 24. c4 Bc6 25. Qc2 Kg7 26. Rd1 Rh8 27. Qc3 Bxe4
28. Qe3 Bc6 29. Ba5 Qf5 30. Bc3 Rh5 31. Nd3 hxg3 32. Bxe5+ Kh7 33. Bxg3 Rd7 34.
Nf4 Rxd1 35. Rxd1 Rg5 36. Qxe6 Qxf4 37. Qe7+ Kh6 38. Qd8 Qf7 39. Qh8+ Qh7 40.
Qd4 Qf7 41. h4 Rf5 42. Qh8+ Qh7 43. Qd8 Qf7 1/2-1/2

[Event "36. Copenhagen Open (Politiken Cup)"]
[Site "Elsinore"]
[Date "2014.07.25"]
[Round "6"]
[White "Merkesvik, Sondre"]
[Black "Veng, Johny"]
[Result "1/2-1/2"]
[WhiteElo "2057"]
[BlackElo "2244"]
[PlyCount "22"]
[EventDate "2014.07.21"]
[EventType "swiss"]
[EventRounds "10"]
[EventCountry "DEN"]
[Source "ChessBase"]
[SourceDate "2014.08.29"]

1. Nf3 Nf6 2. g3 g6 3. Bg2 Bg7 4. c4 O-O 5. O-O d6 6. d4 Nbd7 7. b3 e5 8. Bb2
Qe7 9. e3 Re8 10. Nc3 c6 11. Re1 a6 1/2-1/2

[Event "36. Copenhagen Open (Politiken Cup)"]
[Site "Elsinore"]
[Date "2014.07.25"]
[Round "6"]
[White "Moe, Mogens"]
[Black "Kristensen, Bjarke Hautop"]
[Result "1/2-1/2"]
[WhiteElo "2274"]
[BlackElo "1952"]
[PlyCount "163"]
[EventDate "2014.07.21"]
[EventType "swiss"]
[EventRounds "10"]
[EventCountry "DEN"]
[Source "ChessBase"]
[SourceDate "2014.08.29"]

1. e4 d5 2. exd5 Qxd5 3. Nc3 Qa5 4. d4 Nf6 5. Bc4 Bf5 6. Nge2 Nc6 7. O-O O-O-O
8. Bxf7 e6 9. Bg5 Ne5 10. Bxf6 gxf6 11. Bh5 Rg8 12. Ng3 Bg4 13. Bxg4 Rxg4 14.
Nce2 Rh4 15. Qe1 Qxe1 16. Rfxe1 Nc6 17. c3 Bd6 18. h3 Rg8 19. Kf1 Ne7 20. Ng1
Bxg3 21. fxg3 Rxg3 22. Rxe6 Nf5 23. Nf3 Rf4 24. Kf2 Rg6 25. g4 Nh4 26. Re3 f5
27. Kg3 Rxf3+ 28. Rxf3 Nxf3 29. Kxf3 fxg4+ 30. hxg4 Kd7 31. Rh1 h6 32. Kf4 Rf6+
33. Ke5 Ke7 34. Rh2 Re6+ 35. Kf5 Rf6+ 36. Ke5 Re6+ 37. Kf4 Rf6+ 38. Kg3 Rg6 39.
b3 Rc6 40. c4 Rd6 41. Re2+ Kf6 42. Re4 c6 43. Kf4 a5 44. a3 b6 45. b4 axb4 46.
axb4 Kf7 47. Ke3 Rg6 48. d5 cxd5 49. cxd5 Rd6 50. Kd4 Kf6 51. b5 Kf7 52. Ke5
Ke7 53. Re3 Kd7 54. Ra3 Rg6 55. Ra7+ Kd8 56. d6 Rxg4 57. Ke6 Rg6+ 58. Kd5 Rg1
59. Kc6 Rc1+ 60. Kxb6 Rd1 61. Kc6 Rc1+ 62. Kb7 Kd7 63. Ra6 h5 64. Ka7 Rb1 65.
b6 Kxd6 66. Ra2 Kc6 67. Rc2+ Kd6 68. b7 Ra1+ 69. Kb8 Rg1 70. Ra2 Ke5 71. Rh2
Rg5 72. Ka8 Kf6 73. b8=Q Ra5+ 74. Kb7 Rb5+ 75. Kc8 Rxb8+ 76. Kxb8 Kg5 77. Kc7
h4 78. Kd6 Kg4 79. Ke5 h3 80. Ke4 Kg3 81. Ra2 h2 82. Rxh2 1/2-1/2

[Event "36. Copenhagen Open (Politiken Cup)"]
[Site "Elsinore"]
[Date "2014.07.25"]
[Round "6"]
[White "Moiseenko, Alexander"]
[Black "Romanov, Evgeny"]
[Result "1/2-1/2"]
[WhiteElo "2707"]
[BlackElo "2643"]
[PlyCount "31"]
[EventDate "2014.07.21"]
[EventType "swiss"]
[EventRounds "10"]
[EventCountry "DEN"]
[Source "ChessBase"]
[SourceDate "2014.08.29"]

1. d4 Nf6 2. c4 e6 3. Nc3 Bb4 4. Nf3 c5 5. g3 cxd4 6. Nxd4 O-O 7. Bg2 d5 8.
cxd5 Nxd5 9. Qb3 Qb6 10. Bxd5 exd5 11. Be3 Nc6 12. Rd1 Qa5 13. O-O Bh3 14. Rfe1
Rfd8 15. a3 Bxc3 16. Nxc6 1/2-1/2

[Event "36. Copenhagen Open (Politiken Cup)"]
[Site "Elsinore"]
[Date "2014.07.25"]
[Round "6"]
[White "Molin, Claus"]
[Black "Saltvedt, Martin"]
[Result "1-0"]
[WhiteElo "2002"]
[BlackElo "1779"]
[PlyCount "79"]
[EventDate "2014.07.21"]
[EventType "swiss"]
[EventRounds "10"]
[EventCountry "DEN"]
[Source "ChessBase"]
[SourceDate "2014.08.29"]

1. Nf3 c5 2. c4 g6 3. g3 Bg7 4. Bg2 Nc6 5. Nc3 Nf6 6. d4 cxd4 7. Nxd4 O-O 8.
Nc2 d6 9. O-O Bd7 10. b3 a6 11. Bb2 Rc8 12. Nd5 Nxd5 13. Bxg7 Kxg7 14. cxd5 Ne5
15. h3 f6 16. Ne3 Qb6 17. Qd2 Rc5 18. Rac1 Rfc8 19. f4 Nf7 20. Kh2 Bb5 21. Bf3
Qc7 22. Rxc5 dxc5 23. Nc4 Bxc4 24. bxc4 Nd6 25. Qc3 b5 26. cxb5 axb5 27. e4 Ra8
28. Rf2 b4 29. Qb2 Rb8 30. e5 Ne8 31. Rc2 Rb6 32. Be2 Kf8 33. Bc4 Qc8 34. Re2
Qf5 35. Qd2 h5 36. d6 exd6 37. Qd5 fxe5 38. fxe5 dxe5 39. Qxc5+ Rd6 40. Rf2 1-0

[Event "36. Copenhagen Open (Politiken Cup)"]
[Site "Elsinore"]
[Date "2014.07.25"]
[Round "6"]
[White "Molvig, Henrik"]
[Black "Stuhr, Peter Sebastian"]
[Result "1-0"]
[WhiteElo "2162"]
[BlackElo "1965"]
[PlyCount "103"]
[EventDate "2014.07.21"]
[EventType "swiss"]
[EventRounds "10"]
[EventCountry "DEN"]
[Source "ChessBase"]
[SourceDate "2014.08.29"]

1. d4 d6 2. c4 Nf6 3. Nc3 e5 4. Nf3 Nbd7 5. e4 c6 6. Be2 Be7 7. O-O Qc7 8. Qc2
h6 9. Rd1 g5 10. d5 Nf8 11. Nd2 Ng6 12. Nf1 Nf4 13. Ne3 h5 14. Bf1 h4 15. b4 a6
16. a4 Bd7 17. Rb1 g4 18. dxc6 Qxc6 19. Ncd5 N6xd5 20. Nxd5 Nxd5 21. b5 axb5
22. axb5 Nb4 23. Rxb4 Qc5 24. Rb3 Be6 25. Be3 Qc7 26. g3 f6 27. Rc3 b6 28. Qb2
Bf8 29. Rcc1 hxg3 30. fxg3 Rb8 31. Ra1 Qh7 32. Bd3 Bh6 33. Bxh6 Qxh6 34. Qf2
Qh7 35. Rd2 Rf8 36. Rda2 f5 37. exf5 Bxf5 38. Rf1 Qc7 39. Bxf5 Ke7 40. Qe3 Rf6
41. Bd3 Qc5 42. Qxc5 dxc5 43. Rxf6 Kxf6 44. Rf2+ Ke7 45. Be4 Rg8 46. Bd5 Rg7
47. Rf5 Kd6 48. Rf6+ Kc7 49. Rc6+ Kd8 50. Rxb6 Ra7 51. Ra6 Rd7 52. b6 1-0

[Event "36. Copenhagen Open (Politiken Cup)"]
[Site "Elsinore"]
[Date "2014.07.25"]
[Round "6"]
[White "Molvig, Julius"]
[Black "Schultz Pedersen, Jesper"]
[Result "0-1"]
[WhiteElo "1892"]
[BlackElo "2235"]
[PlyCount "82"]
[EventDate "2014.07.21"]
[EventType "swiss"]
[EventRounds "10"]
[EventCountry "DEN"]
[Source "ChessBase"]
[SourceDate "2014.08.29"]

1. d4 Nc6 2. c4 e5 3. d5 Nce7 4. Nc3 Ng6 5. e4 Nf6 6. Be3 Bb4 7. Bd3 O-O 8. f3
Nh5 9. Nge2 Nhf4 10. Nxf4 exf4 11. Bd4 c5 12. Bf2 Bxc3+ 13. bxc3 d6 14. O-O Qa5
15. Qd2 b6 16. Bc2 f5 17. Rfe1 Qa6 18. e5 Nxe5 19. Qxf4 Bd7 20. Bg3 Rae8 21.
Qh4 Qa3 22. Bxe5 dxe5 23. Bb3 a5 24. Reb1 e4 25. Kf2 a4 26. Qf4 e3+ 27. Ke2 b5
28. Qc7 Rf7 29. Qa5 f4 30. cxb5 Bf5 31. d6 Bxb1 32. Rxb1 Kf8 33. Bxf7 Kxf7 34.
Qc7+ Ke6 35. Kd3 Qxa2 36. Rd1 Qd5+ 37. Ke2 Qa2+ 38. Kd3 e2 39. Re1 Qd5+ 40.
Kxe2 Kf6+ 41. Kf2 Qd2+ 0-1

[Event "36. Copenhagen Open (Politiken Cup)"]
[Site "Elsinore"]
[Date "2014.07.25"]
[Round "6"]
[White "Morkedal, Oyvind"]
[Black "Henrichsen, Jens"]
[Result "0-1"]
[WhiteElo "1719"]
[BlackElo "1959"]
[PlyCount "98"]
[EventDate "2014.07.21"]
[EventType "swiss"]
[EventRounds "10"]
[EventCountry "DEN"]
[Source "ChessBase"]
[SourceDate "2014.08.29"]

1. e4 e5 2. Nf3 Nc6 3. Bb5 a6 4. Ba4 Nf6 5. O-O Be7 6. Re1 b5 7. Bb3 d6 8. c3
O-O 9. h3 Bb7 10. d4 h6 11. Nbd2 Re8 12. Nf1 Bf8 13. Ng3 g6 14. d5 Na5 15. Bc2
c6 16. dxc6 Bxc6 17. Nh2 Bg7 18. Ng4 Nxg4 19. Qxg4 Nc4 20. b3 Nb6 21. Be3 Nd7
22. Rad1 Qe7 23. Bxh6 Bxh6 24. Nf5 Qg5 25. Nxh6+ Qxh6 26. Rxd6 Rac8 27. Rxd7
Bxd7 28. Qxd7 Red8 29. Qe7 Rd2 30. Bb1 Qf4 31. Rf1 Rxc3 32. Qa7 Re2 33. Qb6 Rc1
34. Bd3 Rxf1+ 35. Kxf1 Rxa2 36. Kg1 Ra1+ 37. Bf1 Qc1 38. Qd8+ Kg7 39. Qd3 Qd1
40. Qc3 Qxf1+ 41. Kh2 Rd1 42. Qxe5+ Kh7 43. Qf4 Rd7 44. Qh4+ Kg8 45. Qf6 Qd3
46. e5 Qf5 47. Qxa6 Qf4+ 48. g3 Qxf2+ 49. Kh1 Rd1# 0-1

[Event "36. Copenhagen Open (Politiken Cup)"]
[Site "Elsinore"]
[Date "2014.07.25"]
[Round "6"]
[White "Morling, Aase"]
[Black "Ulberth, Nicolas"]
[Result "0-1"]
[WhiteElo "1531"]
[BlackElo "1809"]
[PlyCount "52"]
[EventDate "2014.07.21"]
[EventType "swiss"]
[EventRounds "10"]
[EventCountry "DEN"]
[Source "ChessBase"]
[SourceDate "2014.08.29"]

1. e4 Nc6 2. Nf3 d6 3. d4 Nf6 4. Nc3 g6 5. Be2 Bg7 6. O-O O-O 7. Be3 a6 8. a4
Ng4 9. Qd2 Nxe3 10. fxe3 e5 11. d5 Ne7 12. h3 Bh6 13. Nh2 f5 14. exf5 gxf5 15.
Bc4 Kh8 16. Qe2 Qe8 17. Rf2 Rg8 18. Kh1 Ng6 19. Raf1 Nh4 20. Nf3 Qe7 21. Nxh4
Qxh4 22. e4 f4 23. Kh2 Rg3 24. Rf3 Bg4 25. Qf2 Bxf3 26. Qxg3 Qxg3+ 0-1

[Event "36. Copenhagen Open (Politiken Cup)"]
[Site "Elsinore"]
[Date "2014.07.25"]
[Round "6"]
[White "Mortensen, Jan T"]
[Black "Krantz, Christopher"]
[Result "0-1"]
[WhiteElo "2083"]
[BlackElo "2219"]
[PlyCount "84"]
[EventDate "2014.07.21"]
[EventType "swiss"]
[EventRounds "10"]
[EventCountry "DEN"]
[Source "ChessBase"]
[SourceDate "2014.08.29"]

1. d4 d5 2. Nf3 Nf6 3. e3 Bg4 4. c4 dxc4 5. Bxc4 e6 6. Nc3 a6 7. h3 Bh5 8. g4
Bg6 9. Ne5 Nbd7 10. Nxg6 hxg6 11. g5 Ng8 12. f4 Ne7 13. Qf3 c6 14. e4 c5 15. d5
Nb6 16. dxe6 Nxc4 17. exf7+ Kxf7 18. b3 Nd6 19. Be3 Nb5 20. Bxc5 Nc6 21. f5 Ne5
22. fxg6+ Ke8 23. Qf5 Bxc5 24. Qxe5+ Qe7 25. Qxe7+ Bxe7 26. Nd5 Rc8 27. Nxe7
Kxe7 28. h4 Nd4 29. Kf2 Ne6 30. Kg3 Nf8 31. h5 Rc5 32. e5 Rxe5 33. Kf4 Re6 34.
Kf5 Nd7 35. Rae1 Rf8+ 36. Kg4 Ne5+ 37. Kg3 Rf5 38. Re4 Rxg5+ 39. Kf4 Rg4+ 40.
Kf5 Rf6+ 41. Kxe5 Re6+ 42. Kf5 Rgxe4 0-1

[Event "36. Copenhagen Open (Politiken Cup)"]
[Site "Elsinore"]
[Date "2014.07.25"]
[Round "6"]
[White "Mott, Jens"]
[Black "Jensen, Morten Frank"]
[Result "1/2-1/2"]
[WhiteElo "1881"]
[BlackElo "2005"]
[PlyCount "230"]
[EventDate "2014.07.21"]
[EventType "swiss"]
[EventRounds "10"]
[EventCountry "DEN"]
[Source "ChessBase"]
[SourceDate "2014.08.29"]

1. e4 Nc6 2. f4 d5 3. e5 Nh6 4. d4 Bg4 5. Be2 Bxe2 6. Nxe2 e6 7. g3 Nf5 8. c3
Be7 9. Qd3 Qd7 10. Nd2 Na5 11. b4 Nc6 12. a3 b6 13. Nf3 g6 14. Be3 Nd8 15. Bf2
Nb7 16. O-O h5 17. h3 Kf8 18. Kg2 Kg7 19. Rh1 c5 20. Rhb1 c4 21. Qd2 a5 22. Ra2
Ra7 23. Rba1 Rha8 24. g4 hxg4 25. hxg4 Nh6 26. Nh2 Qe8 27. g5 Nf5 28. Ng4 Qd7
29. Nf6 Qa4 30. Rh1 Rg8 31. Nxg8 Kxg8 32. Nc1 Bf8 33. Be1 Bg7 34. Kf3 Kf8 35.
Rh2 Nd8 36. Re2 Ra8 37. Rb2 Nc6 38. Bf2 Qb5 39. bxa5 Qxa5 40. Qc2 Kg8 41. a4
Bf8 42. Ra2 Qa6 43. Qb1 Na5 44. Reb2 Rb8 45. Rb5 Ne7 46. Be3 Nc8 47. Rh2 Ne7
48. Qa2 Nf5 49. Rh1 Ra8 50. Qh2 Bg7 51. Qb2 Rb8 52. Qa2 Bf8 53. Rh2 Ne7 54. Rb1
Nf5 55. Qg2 Ra8 56. Qh1 Bg7 57. Rhb2 Rb8 58. Qf1 Bf8 59. Ra2 Nh4+ 60. Kg4 Nf5
61. Bf2 Qa7 62. Rb5 Qa6 63. Ne2 Nb3 64. Nc1 Na5 65. Kf3 Qa7 66. Rbb2 Qa6 67.
Ne2 Qa7 68. Ng1 Nb3 69. Nh3 Qa5 70. Qe1 Ra8 71. Rc2 Qa6 72. Qd1 Qb7 73. Bg1 Ra5
74. Nf2 Qa7 75. Ng4 Bg7 76. Nf6+ Kf8 77. Kg4 Rxa4 78. Rxa4 Qxa4 79. Qb1 Bxf6
80. gxf6 Qc6 81. Ra2 Na5 82. Qb2 Ke8 83. Qa3 Kd8 84. Qb4 Kc7 85. Qf8 Qd7 86.
Bf2 Kb7 87. Qb4 Ka6 88. Rb2 Qd8 89. Qb5+ Ka7 90. Be1 Nb7 91. Rh2 Qf8 92. Qd7
Ka6 93. Qa4+ Na5 94. Rb2 Qd8 95. Qb5+ Ka7 96. Bf2 Qc7 97. Kf3 Qc6 98. Qb4 Qc7
99. Qf8 Nb3 100. Ra2+ Na5 101. Be1 Qb7 102. Rh2 Nc6 103. Rh8 Ka6 104. Rh7 Nd8
105. Rh8 Nc6 106. Qa3+ Na5 107. Bd2 Qd7 108. Bc1 Qb5 109. Qb2 Qa4 110. Rb8 Qd1+
111. Kf2 Nb3 112. Qa3+ Na5 113. Qb2 Nb3 114. Qa3+ Na5 115. Qb2 Nb3 1/2-1/2

[Event "36. Copenhagen Open (Politiken Cup)"]
[Site "Elsinore"]
[Date "2014.07.25"]
[Round "6"]
[White "Mozelius, Peter"]
[Black "Tolba, Henri"]
[Result "0-1"]
[WhiteElo "1847"]
[BlackElo "1675"]
[PlyCount "95"]
[EventDate "2014.07.21"]
[EventType "swiss"]
[EventRounds "10"]
[EventCountry "DEN"]
[Source "ChessBase"]
[SourceDate "2014.08.29"]

1. d4 Nf6 2. Bg5 c5 3. dxc5 Qa5+ 4. Nc3 Qxc5 5. Nf3 h6 6. Bh4 e6 7. e3 d5 8.
Be2 a6 9. O-O Nbd7 10. Na4 Qa7 11. c4 dxc4 12. Nc3 b5 13. a3 Bb7 14. b3 cxb3
15. Qxb3 Bd5 16. Nxd5 Nxd5 17. Rfc1 Bc5 18. Rc2 O-O 19. Rd1 Rac8 20. Nd4 Bxd4
21. Rxd4 Rxc2 22. Qxc2 Qb7 23. Bf3 Rc8 24. Qb2 Qc7 25. h3 Qc1+ 26. Qxc1 Rxc1+
27. Kh2 Rc4 28. Bd8 Rxd4 29. exd4 Kf8 30. Kg1 Ke8 31. Ba5 N7b6 32. Kf1 Nc4 33.
Bb4 Nxb4 34. axb4 Nd2+ 35. Ke2 Nxf3 36. Kxf3 Kd7 37. Ke3 Kd6 38. f4 Kd5 39. Kd3
h5 40. g4 hxg4 41. hxg4 f5 42. gxf5 exf5 43. Kc3 Ke4 44. Kc2 Kxd4 45. Kd2 Kc4
46. Ke2 Kxb4 47. Kd3 Kc5 48. Kc3 0-1

[Event "36. Copenhagen Open (Politiken Cup)"]
[Site "Elsinore"]
[Date "2014.07.25"]
[Round "6"]
[White "Myhre, Mads Wollan"]
[Black "Justinussen, Sigurd B"]
[Result "0-1"]
[WhiteElo "1509"]
[BlackElo "1978"]
[PlyCount "144"]
[EventDate "2014.07.21"]
[EventType "swiss"]
[EventRounds "10"]
[EventCountry "DEN"]
[Source "ChessBase"]
[SourceDate "2014.08.29"]

1. c4 Nf6 2. g3 g6 3. Bg2 Bg7 4. d4 d5 5. Nf3 c6 6. O-O O-O 7. Nc3 Nbd7 8. Bf4
Qb6 9. Qc2 Re8 10. c5 Qd8 11. b4 Nh5 12. Bc1 e5 13. e3 exd4 14. exd4 Nhf6 15.
Bf4 Nf8 16. b5 Ne6 17. Bd6 Ne4 18. bxc6 bxc6 19. Nxe4 dxe4 20. Ne5 Ba6 21. Rfd1
Bd3 22. Rxd3 exd3 23. Qxd3 Nxd4 24. Re1 Bxe5 25. Rxe5 Rxe5 26. Bxe5 Ne6 27. Qd6
Rc8 28. Kf1 Qf8 29. Bf6 Qxd6 30. cxd6 Nc5 31. Bh3 Ra8 32. d7 Nb7 33. Bg2 Nd8
34. Ke2 Rb8 35. Kd3 Ne6 36. Bxc6 Rb6 37. Ba4 Nc5+ 38. Kc4 Nxd7 39. Bd4 Rb7 40.
Bc6 Rc7 41. Kd5 Nb8 42. Ba4 Nd7 43. Bc6 Nb6+ 44. Kd6 Rc8 45. Bxb6 axb6 46. a4
Rd8+ 47. Kc7 Rd2 48. f3 Rxh2 49. Kxb6 Rg2 50. g4 h5 51. gxh5 gxh5 52. a5 Rb2+
53. Ka7 h4 54. a6 h3 55. Bb7 h2 56. f4 Rf2 57. Kb8 Rxf4 58. a7 Ra4 59. a8=Q
Rxa8+ 60. Bxa8 Kf8 61. Kc7 Ke7 62. Bf3 Ke6 63. Kc6 Ke5 64. Kc5 Kf4 65. Ba8 Ke3
66. Bh1 f5 67. Kd5 f4 68. Ke5 f3 69. Kf5 f2 70. Bg2 Ke2 71. Kg4 f1=Q 72. Kg3
Qg1 0-1

[Event "36. Copenhagen Open (Politiken Cup)"]
[Site "Elsinore"]
[Date "2014.07.25"]
[Round "6"]
[White "Nielsen, Bjorn"]
[Black "Nilsson, Carl Axel"]
[Result "0-1"]
[WhiteElo "1417"]
[BlackElo "1696"]
[PlyCount "118"]
[EventDate "2014.07.21"]
[EventType "swiss"]
[EventRounds "10"]
[EventCountry "DEN"]
[Source "ChessBase"]
[SourceDate "2014.08.29"]

1. Nf3 Nf6 2. Nc3 d5 3. d4 e6 4. e3 Nbd7 5. Bd3 c5 6. dxc5 Bxc5 7. O-O a6 8. h3
Qc7 9. Ne2 e5 10. Bf5 g6 11. Bxd7+ Bxd7 12. Nh2 Bd6 13. f4 e4 14. b3 Ke7 15.
Bb2 Qc5 16. Nd4 h5 17. Re1 h4 18. a4 Qc8 19. Ba3 Bxa3 20. Rxa3 Bxh3 21. Qd2
Bxg2 22. Qxg2 h3 23. Qf2 Rh5 24. Kf1 Qd7 25. Ke2 Ng4 26. Qg1 Nxh2 27. Qxh2 Qg4+
28. Kd2 Qg2+ 29. Re2 Qxh2 30. Rxh2 Rah8 31. Ra1 g5 32. Ne2 g4 33. Ng3 R5h7 34.
Rc1 Ke6 35. c3 f5 36. b4 Rc8 37. Rb1 Rhc7 38. Rb3 b6 39. a5 Rb7 40. Ra3 bxa5
41. Rxa5 Rc6 42. Re2 Rf7 43. Re1 h2 44. Rh1 Rh7 45. Rc5 Rxc5 46. bxc5 Rh3 47.
Ke2 Rxg3 48. Rxh2 Rh3 49. Rxh3 gxh3 50. Kf2 a5 51. Kg3 a4 52. c6 a3 53. c7 Kd7
54. Kxh3 a2 55. c8=Q+ Kxc8 56. Kh4 Kd7 57. Kg5 Ke6 58. c4 dxc4 59. Kg6 a1=Q 0-1

[Event "36. Copenhagen Open (Politiken Cup)"]
[Site "Elsinore"]
[Date "2014.07.25"]
[Round "6"]
[White "Nielsen, Klaus"]
[Black "Undheim, Bjarne"]
[Result "0-1"]
[WhiteElo "2067"]
[BlackElo "1870"]
[PlyCount "86"]
[EventDate "2014.07.21"]
[EventType "swiss"]
[EventRounds "10"]
[EventCountry "DEN"]
[Source "ChessBase"]
[SourceDate "2014.08.29"]

1. c4 Nc6 2. Nc3 e5 3. g3 Nf6 4. Bg2 Bc5 5. a3 a6 6. e3 O-O 7. b4 Ba7 8. Bb2
Ne7 9. Qb3 d6 10. Nge2 Rb8 11. O-O Be6 12. Nd5 Nd7 13. d4 b5 14. Nxe7+ Qxe7 15.
d5 Bg4 16. Nc3 f5 17. cxb5 axb5 18. a4 bxa4 19. Nxa4 Rb7 20. Bc3 e4 21. h3 Bh5
22. Qc4 Ne5 23. Qa6 Rfb8 24. Nb2 Bb6 25. Nc4 Be2 26. Bxe5 Bxf1 27. Rxf1 dxe5
28. Rd1 Qxb4 29. Nxe5 Qb3 30. Qe2 Ra7 31. Nc6 Ra2 32. Rd2 Ra1+ 33. Kh2 Re8 34.
d6 Qb1 35. g4 cxd6 36. Rb2 Qg1+ 37. Kg3 f4+ 38. exf4 Ra3+ 39. f3 Rxf3+ 40. Kh4
Bf2+ 41. Kg5 Qxg2 42. Qc4+ Kf8 43. Rb7 Bh4+ 0-1

[Event "36. Copenhagen Open (Politiken Cup)"]
[Site "Elsinore"]
[Date "2014.07.25"]
[Round "6"]
[White "Nordenbaek, Jan"]
[Black "Nielsen, Jan Mose"]
[Result "0-1"]
[WhiteElo "2228"]
[BlackElo "2078"]
[PlyCount "120"]
[EventDate "2014.07.21"]
[EventType "swiss"]
[EventRounds "10"]
[EventCountry "DEN"]
[Source "ChessBase"]
[SourceDate "2014.08.29"]

1. e4 e5 2. Nf3 Nc6 3. Bc4 Nf6 4. d3 Bc5 5. c3 a6 6. Bb3 d6 7. h3 Qe7 8. O-O
O-O 9. Bg5 h6 10. Bh4 Ba7 11. Nbd2 Be6 12. Bc2 Kh8 13. g4 Rg8 14. g5 Nh7 15.
Kh2 f6 16. gxh6 gxh6 17. Bg3 Qf7 18. Bb3 Raf8 19. Nh4 Ne7 20. f4 Bxb3 21. Nxb3
Qg7 22. Qf3 f5 23. Qg2 fxe4 24. dxe4 exf4 25. Rxf4 Rxf4 26. Bxf4 Qf6 27. Bg3
Rxg3 28. Qxg3 Bf2 29. Qf3 Qe5+ 30. Kh1 Bxh4 31. Rf1 Ng5 32. Qf4 Ng6 33. Qf5
Qxe4+ 34. Qxe4 Nxe4 35. Kg2 Kg7 36. Nd4 Kg8 37. Nf5 Bg5 38. h4 Bxh4 39. Nxh6+
Kh7 40. Nf5 Bg5 41. Rh1+ Kg8 42. Kf3 Nf6 43. Rg1 Ne5+ 44. Ke2 Nfg4 45. Nd4 Kf7
46. Nf3 Bf6 47. Rh1 Nxf3 48. Kxf3 Ne5+ 49. Ke2 Ke6 50. Rh7 Bd8 51. Rh8 Kd7 52.
Rh7+ Kc6 53. Kd2 b5 54. Kc2 Kb6 55. b3 Nc6 56. Rh5 Bf6 57. a3 Be5 58. Rh4 Ne7
59. Kd3 Nd5 60. c4 Nf4+ 0-1

[Event "36. Copenhagen Open (Politiken Cup)"]
[Site "Elsinore"]
[Date "2014.07.25"]
[Round "6"]
[White "Boe Olsen, Filip"]
[Black "Johannesen, Lars Peter Meldgaar"]
[Result "1-0"]
[WhiteElo "1937"]
[BlackElo "1711"]
[PlyCount "69"]
[EventDate "2014.07.21"]
[EventType "swiss"]
[EventRounds "10"]
[EventCountry "DEN"]
[Source "ChessBase"]
[SourceDate "2014.08.29"]

1. d4 d5 2. Bf4 Nf6 3. e3 e6 4. c4 c5 5. Nf3 cxd4 6. exd4 Be7 7. Nc3 O-O 8. c5
b6 9. b4 a5 10. a3 Bb7 11. Bb5 Ne4 12. Na4 axb4 13. Nxb6 Nc3 14. Qd3 Ra5 15.
Bxb8 Rxb5 16. axb4 Rxb4 17. Qxc3 Rxb6 18. cxb6 Qxb8 19. O-O Rc8 20. Qb3 Rc4 21.
Qa2 Bf6 22. Rac1 Qc8 23. Rxc4 dxc4 24. Rc1 Bd5 25. Ne5 c3 26. Qb2 Qb7 27. Qxc3
Bd8 28. Qc8 Qe7 29. Qd7 Qxd7 30. Nxd7 f6 31. Rc8 Kf7 32. Rxd8 Ke7 33. Rg8 Kxd7
34. Rxg7+ Kc8 35. Rxh7 1-0